Orígenes de nuestras instituciones políticas / (Registro nro. 4105)
[ vista simple ]
| 000 -LEADER | |
|---|---|
| fixed length control field | 01127nam a2200265Ia 4500 |
| 003 - CONTROL NUMBER IDENTIFIER | |
| control field | OSt |
| 005 - DATE AND TIME OF LATEST TRANSACTION | |
| control field | 20201013181939.0 |
| 008 - FIXED-LENGTH DATA ELEMENTS--GENERAL INFORMATION | |
| fixed length control field | 191128s2003 ck gr 000 0dspa d |
| 020 ## - INTERNATIONAL STANDARD BOOK NUMBER | |
| International Standard Book Number | 9588200156 |
| 040 ## - CATALOGING SOURCE | |
| Original cataloging agency | CO-JMCR |
| Transcribing agency | CO-JMCR |
| 041 0# - LANGUAGE CODE | |
| Language code of text/sound track or separate title | spa |
| 082 04 - DEWEY DECIMAL CLASSIFICATION NUMBER | |
| Classification number | 986.1 / |
| Item number | E778o |
| Edition number | 23 |
| 100 1# - MAIN ENTRY--PERSONAL NAME | |
| Personal name | Espriella, Ramiro de la, |
| Relator term | autor |
| 9 (RLIN) | 11461 |
| 245 10 - TITLE STATEMENT | |
| Title | Orígenes de nuestras instituciones políticas / |
| Statement of responsibility, etc. | Ramiro de la Espriella |
| 250 ## - EDITION STATEMENT | |
| Edition statement | Primera edición |
| 260 ## - PUBLICATION, DISTRIBUTION, ETC. | |
| Place of publication, distribution, etc. | Bogotá : |
| Name of publisher, distributor, etc. | Universidad Sergio Arboleda, |
| Date of publication, distribution, etc. | 2003 |
| 300 ## - PHYSICAL DESCRIPTION | |
| Extent | 330 páginas ; |
| Dimensions | 23 cm. |
| 500 ## - GENERAL NOTE | |
| General note | Datos biográficos del autor en contraportada. |
| 504 ## - BIBLIOGRAPHY, ETC. NOTE | |
| Bibliography, etc. note | Bibliografía al final de cada capítulo. |
| 505 0# - FORMATTED CONTENTS NOTE | |
| Formatted contents note | El legado de la historia desde Santa Marta, Rioacha y Cartagena -- Los antecedentes institucionales -- La constitución de 1811 -- Hacía 1821 -- El general Mosquera: 1861-1863 -- La constitución de 1886 -- La reforma cons |
| 650 14 - SUBJECT ADDED ENTRY--TOPICAL TERM | |
| Topical term or geographic name entry element | Ciencia política |
| General subdivision | historia |
| Geographic subdivision | Colombia |
| 9 (RLIN) | 11462 |
| 650 14 - SUBJECT ADDED ENTRY--TOPICAL TERM | |
| Topical term or geographic name entry element | Derecho contitucional |
| General subdivision | historia |
| Geographic subdivision | Colombia |
| 9 (RLIN) | 11463 |
| 650 14 - SUBJECT ADDED ENTRY--TOPICAL TERM | |
| Topical term or geographic name entry element | Partidos políticos |
| General subdivision | historia |
| Geographic subdivision | Colombia |
| 9 (RLIN) | 11464 |
| 942 ## - ADDED ENTRY ELEMENTS (KOHA) | |
| Source of classification or shelving scheme | Dewey Decimal Classification |
| Koha item type | Books |
| Withdrawn status | Lost status | Source of classification or shelving scheme | Damaged status | Not for loan | Collection code | Home library | Current library | Date acquired | Source of acquisition | Total Checkouts | Total Renewals | Full call number | Barcode | Date last seen | Date last checked out | Copy number | Koha item type |
|---|---|---|---|---|---|---|---|---|---|---|---|---|---|---|---|---|---|
| Dewey Decimal Classification | Non-fiction | Biblioteca Pública José María del Castillo y Rada | Biblioteca Pública José María del Castillo y Rada | 07/22/2018 | Donación | 5 | 4 | 986.1 / E778o | 201808908 | 04/03/2025 | 04/02/2025 | Ej.1 | Books |